| 000 | 00642nam a22001817a 4500 | ||
|---|---|---|---|
| 999 |
_c60816 _d60816 |
||
| 005 | 20231025102055.0 | ||
| 008 | 231025s1981 ru ||||| |||| 00| 0 rus d | ||
| 041 | _arus | ||
| 080 | _a94(37) K-20 | ||
| 100 |
_aКнабе Г. С. _920236 |
||
| 245 |
_aКОРНЕЛИЙ ТАЦИТ : _bВремя. Жизнь. Книги / _cГ. С. Кнабе. |
||
| 264 |
_aМ.; _bНаука, _c1981. |
||
| 300 |
_a208 стр.: _b20 cм. |
||
| 440 |
_aНаучные биографии _920237 |
||
| 653 | _aისტორია | ||
| 856 |
_uhttps://imwerden.de/pdf/knabe_cornelius_tacitus_1981_text.pdf _ypdf, ელ ვერსია |
||
| 942 |
_2udc _cBK |
||